[Event "FRA-chT1 0910"]
[Site "France"]
[Date "2009.10.18"]
[Round "3.2"]
[White "Jens, Jelmer"]
[Black "Tripoteau, Nicolas"]
[Result "1/2-1/2"]
[WhiteElo "2366"]
[BlackElo "2411"]
[PlyCount "92"]
[EventDate "2009.09.27"]
[EventType "team-match"]
[EventRounds "11"]
[EventCountry "FRA"]
[SourceDate "2009.07.26"]
[BlackTeam "Sautron"]

1. e4 c5 2. Nf3 d6 3. d4 cxd4 4. Nxd4 Nf6 5. Nc3 a6 6. Bg5 e6 7. f4 Be7 8. Qf3
Qa5 9. O-O-O Bd7 10. g4 Nc6 11. Nb3 Qc7 12. Bh4 h6 13. Bg3 g5 14. e5 Nh7 15.
exd6 Bxd6 16. Ne4 Bxf4+ 17. Bxf4 Qxf4+ 18. Qxf4 gxf4 19. Nd6+ Ke7 20. Nxf7 Rhf8
21. Nc5 Bc8 22. Nxh6 b6 23. Bd3 Nf6 24. Ne4 Nd5 25. g5 Ne5 26. h4 Bb7 27. Rh3
Ne3 28. Rg1 Rac8 29. Kb1 Nxd3 30. cxd3 Bxe4 31. dxe4 f3 32. Nf5+ exf5 33. Rxf3
f4 34. g6 Nc4 35. Rf2 Rf6 36. h5 Ne5 37. Rg5 Ke6 38. g7 Rg8 39. h6 Rxh6 40.
Rxf4 Rh1+ 41. Kc2 Rh2+ 42. Kc3 Rc8+ 43. Kb3 Rh3+ 44. Ka4 Rc4+ 45. b4 Rc8 46.
Rf8 b5+ 1/2-1/2

[Event "FRA-chT1 0910"]
[Site "France"]
[Date "2009.10.18"]
[Round "3.3"]
[White "Stephan, Victor"]
[Black "Tournier, Mathieu"]
[Result "0-1"]
[WhiteElo "2227"]
[BlackElo "2267"]
[PlyCount "120"]
[EventDate "2009.09.27"]
[EventType "team-match"]
[EventRounds "11"]
[EventCountry "FRA"]
[SourceDate "2009.07.26"]

1. d4 d5 2. c4 c6 3. Nf3 Nf6 4. Nbd2 a6 5. e3 Bf5 6. Nh4 Bg6 7. Nxg6 hxg6 8.
Nf3 e6 9. Bd3 Nbd7 10. O-O Bd6 11. cxd5 exd5 12. g3 Qe7 13. Qc2 Ne4 14. Nd2
Nxd2 15. Qxd2 f5 16. f3 Nf6 17. Rf2 O-O-O 18. Qe2 Rde8 19. Bd2 Qc7 20. Rc1 f4
21. gxf4 Bxf4 22. Bxg6 Re7 23. Re1 Kb8 24. e4 Rh6 25. Bf5 Nh5 26. e5 g5 27. Bb4
Ng7 28. Bg4 Re8 29. Bd6 Rxd6 30. exd6 Qxd6 31. Qd1 Bxh2+ 32. Rxh2 Qg3+ 33. Kf1
Qxh2 34. Rxe8+ Nxe8 35. Qd3 Qh1+ 36. Kf2 Qh2+ 37. Kf1 Qf4 38. Qg6 Nf6 39. Bh5
Qc1+ 40. Kg2 Qxb2+ 41. Kh3 Qxd4 42. Qxg5 Qa1 43. Bg4 c5 44. Qf4+ Ka7 45. Qc7
Qh1+ 46. Kg3 Qg1+ 47. Kh4 c4 48. Kg5 Nxg4 49. fxg4 Qe3+ 50. Kf6 Qb6+ 51. Qxb6+
Kxb6 52. g5 c3 53. g6 c2 54. g7 c1=Q 55. g8=Q Qb2+ 56. Ke6 Qxa2 57. Qg1+ Kc6
58. Qg6 Qe2+ 59. Kf5+ Kb5 60. Qd6 Qh5+ 0-1

[Event "FRA-chT1 0910"]
[Site "France"]
[Date "2009.10.18"]
[Round "3.4"]
[White "Salgado Allaria, Carlos"]
[Black "Stephan, Jean Marie"]
[Result "1-0"]
[WhiteElo "2333"]
[BlackElo "2248"]
[PlyCount "87"]
[EventDate "2009.09.27"]
[EventType "team-match"]
[EventRounds "11"]
[EventCountry "FRA"]
[SourceDate "2009.07.26"]

1. d4 Nf6 2. c4 g6 3. Nc3 d5 4. Nf3 Bg7 5. Bg5 Ne4 6. cxd5 Nxg5 7. Nxg5 e6 8.
Qd2 exd5 9. Qe3+ Kf8 10. Qf4 Qd7 11. h4 h6 12. Nf3 c6 13. O-O-O Na6 14. e4 dxe4
15. Ne5 Qf5 16. Qxe4 Qxe4 17. Nxe4 Be6 18. Bxa6 bxa6 19. Nc5 Bd5 20. f3 Ke7 21.
Rhe1 Kd6 22. Ne4+ Kc7 23. Nc3 Bxe5 24. Nxd5+ cxd5 25. dxe5 Rad8 26. Rd3 Rhe8
27. Kd2 Re6 28. Rc1+ Kb7 29. f4 Rb6 30. b3 Rb4 31. Ke3 g5 32. g3 Kb6 33. Rd4
gxf4+ 34. gxf4 Rb5 35. Rg1 Rc5 36. Rg7 Rf8 37. Rh7 Rc3+ 38. Rd3 d4+ 39. Kxd4
Rc6 40. Ke4 f6 41. Rhd7 fxe5 42. fxe5 Rc2 43. R3d6+ Kb5 44. Rb7+ 1-0

[Event "FRA-chT1 0910"]
[Site "France"]
[Date "2009.10.18"]
[Round "3.5"]
[White "Rate, Bruno"]
[Black "Hardier, Bertrand"]
[Result "0-1"]
[WhiteElo "2120"]
[BlackElo "2159"]
[PlyCount "54"]
[EventDate "2009.09.27"]
[EventType "team-match"]
[EventRounds "11"]
[EventCountry "FRA"]
[SourceDate "2009.07.26"]

1. d4 d5 2. Nf3 Nf6 3. c4 c6 4. Nc3 e6 5. e3 Bd6 6. Qc2 Nbd7 7. Bd3 e5 8. cxd5
cxd5 9. Nb5 Bb8 10. dxe5 Nxe5 11. Nxe5 Bxe5 12. Bd2 O-O 13. Rc1 Bd7 14. O-O Qb6
15. a4 Rac8 16. Qb3 Rxc1 17. Rxc1 a6 18. a5 Bxh2+ 19. Kxh2 Ng4+ 20. Kg1 Qh6 21.
Qxd5 Qh2+ 22. Kf1 Nf6 23. Qxb7 Qh1+ 24. Ke2 Bg4+ 25. f3 Qxg2+ 26. Ke1 Bxf3 27.
Nc7 Ne4 0-1

[Event "FRA-chT1 0910"]
[Site "France"]
[Date "2009.10.18"]
[Round "3.7"]
[White "Lebreton, Flavien"]
[Black "Carton, Camille"]
[Result "0-1"]
[WhiteElo "2037"]
[BlackElo "2219"]
[PlyCount "39"]
[EventDate "2009.09.27"]
[EventType "team-match"]
[EventRounds "11"]
[EventCountry "FRA"]
[SourceDate "2009.07.26"]

1. d4 d5 2. c4 e6 3. Nc3 c6 4. Nf3 dxc4 5. e3 b5 6. a4 Bb4 7. Bd2 a5 8. axb5
Bxc3 9. Bxc3 cxb5 10. b3 Bb7 11. bxc4 b4 12. Bb2 Nf6 13. Bd3 Nbd7 14. O-O O-O
15. Qc2 Qc7 16. e4 e5 17. c5 exd4 18. Bxd4 Ng4 19. Bc4 Kh8 20. Ng5 0-1

[Event "FRA-chT1 0910"]
[Site "France"]
[Date "2009.11.21"]
[Round "4.8"]
[White "Gaudron, Fanny"]
[Black "Durot, Edwige"]
[Result "1-0"]
[WhiteElo "2046"]
[BlackElo "1758"]
[PlyCount "99"]
[EventDate "2009.09.27"]
[EventType "team-match"]
[EventRounds "11"]
[EventCountry "FRA"]
[SourceDate "2009.07.26"]

1. d4 d5 2. Nf3 Nf6 3. Bg5 Bg4 4. Nbd2 h6 5. Bh4 Nbd7 6. e3 e6 7. Be2 Be7 8. c4
dxc4 9. Bxc4 c6 10. O-O Nd5 11. Bg3 O-O 12. a3 N7b6 13. Bd3 Bd6 14. Qc2 Bxg3
15. hxg3 Bxf3 16. gxf3 Nd7 17. Nc4 Qc7 18. Kg2 c5 19. e4 Ne7 20. Ne3 Rac8 21.
Rac1 Qb6 22. Qa4 Nf6 23. dxc5 Rxc5 24. b4 Rxc1 25. Rxc1 a6 26. Nc4 Qd4 27. Qb3
Rc8 28. Rd1 b5 29. Nb2 Qc3 30. Qa2 Nc6 31. Bb1 Ne5 32. Nd3 Nxd3 33. Rxd3 Qc6
34. Qd2 Kf8 35. Rd6 Qb7 36. Rd8+ Rxd8 37. Qxd8+ Ne8 38. e5 Qc7 39. Qa8 Qxe5 40.
Qxa6 Qd5 41. Be4 Qc4 42. Bc6 Nd6 43. a4 bxa4 44. Qxa4 Ke7 45. Qa7+ Kf6 46. Qb6
Kg6 47. b5 Nf5 48. Be4 Kf6 49. Bxf5 Kxf5 50. Qc6 1-0

[Event "FRA-chT1 0910"]
[Site "France"]
[Date "2009.11.21"]
[Round "4.7"]
[White "Baumhauer, Christian"]
[Black "Stambul, Adam"]
[Result "1-0"]
[WhiteElo "2078"]
[BlackElo "2185"]
[PlyCount "97"]
[EventDate "2009.09.27"]
[EventType "team-match"]
[EventRounds "11"]
[EventCountry "FRA"]
[SourceDate "2009.07.26"]

1. Nf3 Nf6 2. c4 g6 3. Nc3 Bg7 4. g3 O-O 5. Bg2 d6 6. O-O c6 7. d4 Bg4 8. h3
Bxf3 9. Bxf3 e5 10. dxe5 dxe5 11. Qb3 Qc7 12. Be3 Nbd7 13. Rfd1 Rfe8 14. Rac1
Rad8 15. Qc2 Nf8 16. b4 Ne6 17. Qa4 Nd4 18. Bg2 Nd7 19. c5 a6 20. Rd2 Nf5 21.
Ne4 Nxe3 22. fxe3 Nf6 23. Nd6 Rf8 24. Rcd1 Nh5 25. Kh2 Qe7 26. e4 Rb8 27. Qb3
Bh6 28. Rd3 Kh8 29. Rf1 f6 30. Bf3 Ng7 31. Bg4 Ne8 32. Rfd1 Nxd6 33. Rxd6 f5
34. Rd7 Qg5 35. exf5 gxf5 36. Bf3 f4 37. g4 Bg7 38. Be4 h5 39. Qf3 Rbd8 40.
gxh5 Qf6 41. Qg4 Rxd7 42. Rxd7 Rf7 43. Rd6 Qe7 44. Bg6 Rf8 45. h6 f3 46. hxg7+
Qxg7 47. exf3 e4 48. Qh5+ Kg8 49. Bxe4 1-0

[Event "FRA-chT1 0910"]
[Site "France"]
[Date "2009.11.21"]
[Round "4.8"]
[White "Wasylyk, Laure"]
[Black "Huguet, Etienne"]
[Result "1-0"]
[WhiteElo "2006"]
[BlackElo "1922"]
[PlyCount "87"]
[EventDate "2009.09.27"]
[EventType "team-match"]
[EventRounds "11"]
[EventCountry "FRA"]
[SourceDate "2009.07.26"]

1. e4 c5 2. Nf3 d6 3. d4 cxd4 4. Nxd4 Nf6 5. Nc3 a6 6. Be2 e5 7. Nb3 Be7 8. O-O
O-O 9. f4 b5 10. a3 Bb7 11. Bf3 Nbd7 12. Qe1 Rc8 13. Be3 exf4 14. Bxf4 Ne5 15.
Rd1 Nc4 16. Bc1 Qb6+ 17. Kh1 Rfe8 18. Nd4 d5 19. Nf5 dxe4 20. Nxe4 Nxe4 21.
Bxe4 Bf8 22. Ng3 Nd6 23. Be3 Qc7 24. Bxb7 Qxb7 25. Qf2 Ne4 26. Nxe4 Rxe4 27.
Rd4 Re6 28. Rf4 f6 29. Bd4 Qc7 30. c3 Rce8 31. Rh4 Qc6 32. Qc2 g6 33. Qf2 Re2
34. Qg3 Bg7 35. h3 Rxb2 36. Rhf4 Ree2 37. R4f2 Rxf2 38. Bxf2 Re2 39. Bd4 f5 40.
Bxg7 Kxg7 41. Rd1 f4 42. Qg4 Re7 43. Qxf4 Qxc3 44. Rf1 1-0

[Event "FRA-chT1 0910"]
[Site "France"]
[Date "2009.11.21"]
[Round "4.4"]
[White "Fougerit, Valentin"]
[Black "Babault, Patrice"]
[Result "0-1"]
[WhiteElo "2239"]
[BlackElo "2374"]
[PlyCount "94"]
[EventDate "2009.09.27"]
[EventType "team-match"]
[EventRounds "11"]
[EventCountry "FRA"]
[SourceDate "2009.07.26"]

1. e4 c5 2. Nf3 e6 3. c3 d5 4. exd5 exd5 5. d4 Nc6 6. Bb5 Bd6 7. dxc5 Bxc5 8.
O-O Nge7 9. Nbd2 O-O 10. Nb3 Bb6 11. Re1 Nf5 12. Bd3 Qd6 13. Bxf5 Bxf5 14. Be3
Rfe8 15. Bxb6 axb6 16. Nfd4 Be4 17. Qg4 Qf6 18. Qg3 h5 19. a3 h4 20. Qh3 Ne5
21. Re3 g5 22. g3 Nd3 23. Rf1 Nxb2 24. Qg4 Nc4 25. gxh4 Nxe3 26. fxe3 Qg7 27.
Nf5 Bxf5 28. Rxf5 Re5 29. Nd4 Rxa3 30. Rxg5 Rxg5 31. hxg5 Rxc3 32. Nf5 Qe5 33.
g6 Rc1+ 34. Kg2 Qe4+ 35. Qxe4 dxe4 36. gxf7+ Kxf7 37. Nd6+ Kg6 38. Kg3 Rb1 39.
Kf4 b5 40. Kxe4 b4 41. Nxb7 Rd1 42. Nc5 Rc1 43. Nb3 Rc4+ 44. Ke5 Rc3 45. Nd2
Rd3 46. Nc4 b3 47. Ke4 Rc3 0-1

[Event "FRA-chT1 0910"]
[Site "France"]
[Date "2009.11.21"]
[Round "4.5"]
[White "Lamorelle, Julien"]
[Black "Saada, Julien"]
[Result "0-1"]
[WhiteElo "2221"]
[BlackElo "2318"]
[PlyCount "104"]
[EventDate "2009.09.27"]
[EventType "team-match"]
[EventRounds "11"]
[EventCountry "FRA"]
[SourceDate "2009.07.26"]

1. e4 c6 2. d4 d5 3. e5 Bf5 4. h4 h6 5. g4 Bd7 6. h5 c5 7. c3 Nc6 8. f4 cxd4 9.
cxd4 Qb6 10. Nc3 Qxd4 11. Qf3 Nb4 12. Qe2 Bxg4 13. Qxg4 Nc2+ 14. Ke2 e6 15. Nf3
Qb6 16. Rb1 Rc8 17. Bd2 Ne7 18. Kd1 Rxc3 19. Qg1 Rxf3 20. Qxb6 axb6 21. Kxc2
Nf5 22. Kd1 Bc5 23. b4 Bd4 24. a4 O-O 25. Rc1 Ng3 26. Be2 Rf2 27. Re1 Ne4 28.
Rf1 Rh2 29. Be1 Bf2 30. Rc7 Ra8 31. Bb5 Bxe1 32. Kxe1 Rb2 33. Rf3 Rxb4 34. f5
exf5 35. Kd1 f4 36. Kc2 Ng5 37. Rf1 Rb8 38. Kc3 Re4 39. Bd3 Rxa4 40. Kb3 Rba8
41. Bf5 Ne4 42. Rfc1 Nc5+ 43. Kc2 Rc4+ 44. Kd1 Rxc1+ 45. Kxc1 f3 46. Kd2 Re8
47. Bc2 d4 48. Bb1 d3 49. Ba2 Ne6 50. Rc1 Nc5 51. Re1 f2 52. Rf1 Rxe5 0-1

[Event "FRA-chT1 0910"]
[Site "France"]
[Date "2009.11.21"]
[Round "4.8"]
[White "Bonvalot, Isabelle"]
[Black "Tissot, Alice"]
[Result "0-1"]
[WhiteElo "1904"]
[BlackElo "1856"]
[PlyCount "118"]
[EventDate "2009.09.27"]
[EventType "team-match"]
[EventRounds "11"]
[EventCountry "FRA"]
[SourceDate "2009.07.26"]

1. e4 c5 2. c3 Qa5 3. f4 Nc6 4. Nf3 d6 5. Bc4 b5 6. Bb3 e6 7. O-O Nf6 8. Qe2 c4
9. Bc2 d5 10. exd5 Nxd5 11. d4 cxd3 12. Bxd3 Bc5+ 13. Kh1 a6 14. b4 Ncxb4 15.
cxb4 Bxb4 16. Ne5 Qc7 17. Bb2 Bd7 18. Nd2 O-O 19. Rac1 Qd8 20. Nb3 Rc8 21. Rxc8
Qxc8 22. Qg4 Nf6 23. Qh3 g6 24. Qh4 Be7 25. Qh6 Rd8 26. Ng4 Nh5 27. Ne5 Bf8 28.
Qg5 f6 29. Qh4 fxe5 30. Bxe5 Bg7 31. Be2 Bxe5 32. fxe5 Ng7 33. Qe7 Nf5 34. Qb4
Qc2 35. Qa5 Rf8 36. Bf3 Qc8 37. Rc1 Qd8 38. Qxa6 Nh4 39. Nd4 Qg5 40. Rd1 Rxf3
41. g3 Rf2 42. Nxe6 Bxe6 43. Qxe6+ Kg7 44. Qd7+ Rf7 45. Qxb5 Qg4 46. Qd3 Nf3
47. Qc3 Qe6 48. Rf1 Nxe5 49. Re1 Qd5+ 50. Kg1 Re7 51. a4 Kh6 52. Qe3+ g5 53.
Rf1 Rg7 54. Rf5 Qd1+ 55. Rf1 Qd6 56. h4 Ng4 57. hxg5+ Rxg5 58. Qc3 Qb6+ 59. Kg2
Ne3+ 0-1

[Event "FRA-chT1 0910"]
[Site "France"]
[Date "2009.11.21"]
[Round "4.5"]
[White "Stephan, Victor"]
[Black "Gervais, Victor"]
[Result "1-0"]
[WhiteElo "2233"]
[BlackElo "2313"]
[PlyCount "111"]
[EventDate "2009.09.27"]
[EventType "team-match"]
[EventRounds "11"]
[EventCountry "FRA"]
[SourceDate "2009.07.26"]

1. d4 Nf6 2. c4 d6 3. Nf3 g6 4. Nc3 Bg7 5. e4 O-O 6. Be2 Nc6 7. O-O e5 8. d5
Ne7 9. Ne1 Nd7 10. Nd3 f5 11. Bd2 Nc5 $2 (11... Nf6) 12. Nxc5 dxc5 13. Na4 b6
14. f3 Bd7 15. b4 Qe8 16. Nc3 cxb4 17. Nb5 Bxb5 18. cxb5 Nc8 19. Qb3 Nd6 20.
Qxb4 Qe7 21. a4 Rf7 22. a5 Raf8 23. axb6 axb6 24. g3 Bf6 25. Bh6 Re8 26. Be3
Bg5 27. Bf2 Qf8 28. Kg2 Be7 29. Qb1 Qh6 30. Qd3 Ref8 31. Ra7 fxe4 32. fxe4 Ne8
33. Bg4 Rxf2+ 34. Rxf2 Rxf2+ 35. Kxf2 Qxh2+ 36. Kf1 Qh1+ 37. Ke2 Qg2+ 38. Kd1
Qg1+ 39. Kc2 Bg5 40. Kb3 Kg7 41. d6 Nxd6 42. Rxc7+ Kh6 43. Qxd6 Qxg3+ 44. Kc4
Be3 45. Qf8+ Kg5 46. Qf3 Qg1 47. Kd5 Bf4 48. Bd7 h5 49. Ke6 Kh6 50. Rc6 Kg7 51.
Qa3 Qd4 52. Qe7+ Kh6 53. Qf8+ Kg5 54. Qf6+ Kg4 55. Qxg6+ Bg5 56. Qf5+ 1-0

[Event "FRA-chT1 0910"]
[Site "France"]
[Date "2009.11.21"]
[Round "4.6"]
[White "Dubois, Jean Marie"]
[Black "Stephan, Jean Marie"]
[Result "0-1"]
[WhiteElo "2239"]
[BlackElo "2238"]
[PlyCount "134"]
[EventDate "2009.09.27"]
[EventType "team-match"]
[EventRounds "11"]
[EventCountry "FRA"]
[SourceDate "2009.07.26"]

1. b3 e5 2. Bb2 d6 3. g3 g6 4. f4 Bg7 5. Nf3 Nc6 6. Bg2 Nge7 7. O-O O-O 8. e4
h6 9. d3 Bg4 10. Qc1 Be6 11. Nbd2 Qd7 12. Nc4 f6 13. Ne3 Bf7 14. f5 gxf5 15.
exf5 d5 16. Nh4 Kh7 17. Bh3 d4 18. Nc4 Nd5 19. Nd2 Ne3 20. Ne4 Nb4 21. Ng6
Nbxc2 22. Rf2 Nxa1 23. Qxa1 Qb5 24. Nxf8+ Rxf8 25. Bf1 Bd5 26. Be2 Qc6 27. Nd2
Qc2 28. Nf1 b6 29. Ba3 Rd8 30. Qb2 Qxb2 31. Bxb2 Nxf1 32. Bxf1 c5 33. Bg2 h5
34. Bc1 Bh6 35. Bxh6 Kxh6 36. h4 Kg7 37. Rc2 Bxg2 38. Kxg2 Kf7 39. Kf3 Ke7 40.
g4 hxg4+ 41. Kxg4 Rg8+ 42. Kf3 Kd6 43. Rc1 Kd5 44. a4 a6 45. Ra1 Rh8 46. Rh1 b5
47. axb5 axb5 48. h5 Rh6 49. Rh3 e4+ 50. dxe4+ Ke5 51. Rh4 c4 52. bxc4 bxc4 53.
Ke2 Kd6 54. Rh1 Kc5 55. Kd2 Rh8 56. h6 Ra8 57. Rh3 c3+ 58. Kc2 Kc4 59. h7 Rh8
60. Kb1 d3 61. e5 fxe5 62. Rh4+ Kb3 63. Rh6 d2 64. Rb6+ Kc4 65. Kc2 Rxh7 66.
Rc6+ Kd4 67. Rd6+ Ke3 0-1

[Event "FRA-chT1 0910"]
[Site "France"]
[Date "2009.11.21"]
[Round "4.5"]
[White "Carbonnel, Pierre"]
[Black "Sola, Flavien"]
[Result "1/2-1/2"]
[WhiteElo "2260"]
[BlackElo "1934"]
[PlyCount "100"]
[EventDate "2009.09.27"]
[EventType "team-match"]
[EventRounds "11"]
[EventCountry "FRA"]
[SourceDate "2009.07.26"]

1. e4 e5 2. Nf3 Nc6 3. Bb5 a6 4. Ba4 Nf6 5. O-O b5 6. Bb3 Be7 7. Re1 O-O 8. a4
Rb8 9. axb5 axb5 10. d3 Re8 11. Nc3 Bb4 12. Bg5 h6 13. Bxf6 Qxf6 14. Nd5 Qd8
15. c3 Bf8 16. h3 d6 17. Nh2 Be6 18. Ng4 Bxd5 19. Bxd5 Ne7 20. Bb3 Qd7 21. Qf3
Ng6 22. g3 Nh8 23. Kg2 c6 24. d4 b4 25. Ba4 bxc3 26. bxc3 Ng6 27. Qf5 Qc7 28.
d5 Ne7 29. Qh5 Rec8 30. c4 Rb4 31. dxc6 Ra8 32. Bb5 Rxa1 33. Rxa1 Nxc6 34. Ne3
Rb2 35. Nd5 Qb7 36. Bxc6 Qxc6 37. Ra7 Rxf2+ 38. Kxf2 Qc5+ 39. Kg2 Qxa7 40. Qe2
Qd4 41. h4 g6 42. h5 f5 43. hxg6 Qxe4+ 44. Qxe4 fxe4 45. Nf6+ Kg7 46. Nxe4 Kxg6
47. g4 Kf7 48. Kf3 Ke6 49. Nc3 Be7 50. Ke4 Bd8 1/2-1/2

[Event "FRA-chT1 0910"]
[Site "France"]
[Date "2009.11.22"]
[Round "5.7"]
[White "Lalande, Jean Louis"]
[Black "Becuwe, Olivier"]
[Result "0-1"]
[WhiteElo "2071"]
[BlackElo "2096"]
[PlyCount "48"]
[EventDate "2009.09.27"]
[EventType "team-match"]
[EventRounds "11"]
[EventCountry "FRA"]
[SourceDate "2009.07.26"]

1. d4 c5 2. e3 d5 3. c3 e6 4. Bd3 Nc6 5. Nd2 Nf6 6. Ngf3 Bd6 7. O-O O-O 8. Re1
e5 9. dxe5 Nxe5 10. Nxe5 Bxe5 11. f4 Bc7 12. Qf3 Bb6 13. h3 Re8 14. Kh2 c4 15.
Bc2 Ng4+ 16. hxg4 Qh4+ 17. Qh3 Qxe1 18. Qxh7+ Kf8 19. Ba4 Rd8 20. Nf3 Qe2 21.
Bd2 Qf2 22. f5 f6 23. Re1 Kf7 24. Qg6+ Kg8 {suite illisible} 0-1

[Event "FRA-chT1 0910"]
[Site "France"]
[Date "2009.11.22"]
[Round "5.3"]
[White "Beudaert, Xavier"]
[Black "Jossien, Arnaud"]
[Result "0-1"]
[WhiteElo "2344"]
[BlackElo "2363"]
[PlyCount "54"]
[EventDate "2009.09.27"]
[EventType "team-match"]
[EventRounds "11"]
[EventCountry "FRA"]
[SourceDate "2009.07.26"]

1. e4 g6 2. d4 Bg7 3. Nf3 d6 4. Nc3 a6 5. a4 b6 6. Bd3 Nd7 7. O-O Bb7 8. Bg5 h6
9. Be3 e6 10. Qd2 Ne7 11. Ne2 Nf6 12. Nc3 Ng4 13. Bf4 g5 14. Bg3 Nf6 15. Rad1
Nh5 16. Ne2 f5 17. exf5 exf5 18. Rfe1 Qd7 19. h4 g4 20. Nh2 Qc6 21. f3 O-O-O
22. c3 Rdf8 23. Nf4 Nxg3 24. Rxe7 Bf6 25. Ree1 Rhg8 26. fxg4 fxg4 27. Ne6 Rf7 {
suite illisible} 0-1

[Event "FRA-chT1 0910"]
[Site "France"]
[Date "2009.11.22"]
[Round "5.1"]
[White "Spraggett, Kevin"]
[Black "Bergez, Luc"]
[Result "1-0"]
[WhiteElo "2594"]
[BlackElo "2382"]
[PlyCount "103"]
[EventDate "2009.09.27"]
[EventType "team-match"]
[EventRounds "11"]
[EventCountry "FRA"]
[SourceDate "2009.07.26"]
[WhiteTeam "Gif/yvette"]

1. c4 g6 2. g3 Bg7 3. Bg2 e5 4. Nc3 Nc6 5. e4 d6 6. Nge2 h5 7. h4 Bg4 8. f3 Be6
9. Nd5 Nce7 10. d4 c6 11. Nxe7 Nxe7 12. d5 cxd5 13. cxd5 Bd7 14. Be3 Qa5+ 15.
Nc3 O-O 16. Qd2 f5 17. O-O-O fxe4 18. fxe4 Nc8 19. b3 Qb4 20. Nb1 Qxd2+ 21.
Nxd2 Kh7 22. Nf3 Bh6 23. Ng5+ Bxg5 24. Bxg5 a5 25. Rhf1 Rxf1 26. Rxf1 Kg7 27.
Kb2 Na7 28. a4 b5 29. Rc1 Rc8 30. Rxc8 Nxc8 31. axb5 Bxb5 32. Bd8 Kf8 33. Bxa5
Ke7 34. Kc3 Be2 35. Kd2 Ba6 36. Bh3 Na7 37. Bb6 Nb5 38. Bf1 Nc7 39. Bc4 Bxc4
40. bxc4 Na6 41. Kc3 Nb8 42. Kb4 Nd7 43. Kb5 Nf6 44. Kc6 Nxe4 45. c5 Nf6 46.
Bc7 dxc5 47. Bxe5 Nd7 48. Bd6+ Ke8 49. Bxc5 Ne5+ 50. Kc7 Nf7 51. Bd4 g5 52. Bf6
1-0

[Event "FRA-chT1 0910"]
[Site "France"]
[Date "2009.11.22"]
[Round "5.8"]
[White "Frayssinet, Frank"]
[Black "Chaumont, Adeline"]
[Result "0-1"]
[WhiteElo "2030"]
[BlackElo "2040"]
[PlyCount "105"]
[EventDate "2009.09.27"]
[EventType "team-match"]
[EventRounds "11"]
[EventCountry "FRA"]
[SourceDate "2009.07.26"]

1. d4 d5 2. Nf3 Nf6 3. Bg5 Ne4 4. Bh4 c6 5. e3 Bg4 6. Be2 Nd7 7. c3 Qc7 8. Nbd2
Ndf6 9. Nxe4 Nxe4 10. Ne5 Bxe2 11. Qxe2 e6 12. f3 Nd6 13. e4 Be7 14. Bg3 Qa5
15. O-O h5 16. c4 dxc4 17. Nxc4 Nxc4 18. Qxc4 h4 19. Be5 h3 20. g3 O-O-O 21.
Rf2 Bf6 22. b4 Qb6 23. Bxf6 gxf6 24. Rd1 Rh5 25. a4 Kb8 26. a5 Qb5 27. Qc1 Qxb4
28. Rb2 Qa4 29. Qb1 Rb5 30. Rxb5 cxb5 31. d5 Qxa5 32. Qd3 Qb6+ 33. Kf1 f5 34.
d6 fxe4 35. fxe4 e5 36. g4 a6 37. Qd5 f6 38. Qf7 b4 39. Qxf6 Qb5+ 40. Ke1 Qb6
41. Ke2 Qb5+ 42. Kf2 Qc5+ 43. Ke2 Qc2+ 44. Ke3 Qc3+ 45. Kf2 Qb2+ 46. Kg3 Qg2+
47. Kh4 Rg8 48. Qf5 Qe2 49. Rf1 Rh8+ 50. Kg5 Qe3+ 51. Kf6 Rf8+ 52. Ke7 Rxf5 53.
gxf5 {suite illisible} 0-1

[Event "FRA-chT1 0910"]
[Site "France"]
[Date "2009.11.22"]
[Round "5.2"]
[White "Lubczynski, Rafal"]
[Black "Ricbour, Jeremy"]
[Result "0-1"]
[WhiteElo "2428"]
[BlackElo "2190"]
[PlyCount "130"]
[EventDate "2009.09.27"]
[EventType "team-match"]
[EventRounds "11"]
[EventCountry "FRA"]
[SourceDate "2009.07.26"]

1. Nf3 d5 2. c4 c6 3. b3 Nf6 4. Bb2 Bf5 5. g3 e6 6. Bg2 Nbd7 7. O-O Be7 8. d3
O-O 9. Nbd2 Qc7 10. Rc1 Bg6 11. cxd5 exd5 12. Nh4 Qb6 13. Nxg6 hxg6 14. Rc2
Rad8 15. Qa1 Rfe8 16. e4 Bd6 17. Rfc1 Bb8 18. Bd4 Qa5 19. f4 a6 20. e5 Ng4 21.
h3 Nh6 22. Bf2 Nf5 23. g4 Ne7 24. d4 Ba7 25. Qb2 Nf8 26. b4 Qb6 27. a4 Ne6 28.
a5 Qc7 29. Be3 f6 30. Nf3 f5 31. Rf2 Rf8 32. Qd2 g5 33. Nxg5 Nxg5 34. fxg5 fxg4
35. Rcf1 Qd7 36. hxg4 Qxg4 37. Rf4 Rxf4 38. Rxf4 Qe6 39. Qf2 Ng6 40. Rf3 Qg4
41. Kh2 Rf8 42. Rxf8+ Nxf8 43. Bh3 Qh5 44. Kg2 Ng6 45. Be6+ Kh8 46. Qf7 Nh4+
47. Kf2 Qxf7+ 48. Bxf7 Nf5 49. g6 b6 50. Be6 Ne7 51. Bg5 Nxg6 52. Bf7 Kh7 53.
e6 bxa5 54. Ke3 a4 55. b5 a3 56. bxc6 a2 57. c7 a1=Q 58. c8=Q Qxd4+ 59. Ke2
Qe5+ 60. Kd3 Qxg5 61. Qg8+ Kh6 62. Kc2 Bc5 63. Qc8 Qg2+ 64. Kd1 Bb4 65. Qc1+
Qg5 0-1

[Event "FRA-chT1 0910"]
[Site "France"]
[Date "2009.11.22"]
[Round "5.5"]
[White "Emmenecker, Philippe"]
[Black "Stephan, Victor"]
[Result "0-1"]
[WhiteElo "2180"]
[BlackElo "2233"]
[PlyCount "118"]
[EventDate "2009.09.27"]
[EventType "team-match"]
[EventRounds "11"]
[EventCountry "FRA"]
[SourceDate "2009.07.26"]

1. d4 Nf6 2. c4 c5 3. d5 b5 4. a4 Qa5+ 5. Bd2 b4 6. Qc2 d6 7. e4 g6 8. f4 Bg7
9. Bd3 O-O 10. Nf3 Qc7 11. O-O Na6 12. Kh1 Nd7 13. e5 dxe5 14. fxe5 Nxe5 15.
Bf4 f6 16. b3 Bg4 17. Nbd2 Qd7 18. Bxe5 fxe5 19. Rae1 Bxf3 20. Nxf3 Qd6 21. Ng5
Nc7 22. Ne4 Qb6 23. Qd2 Rf6 24. Qe3 Raf8 25. Qxc5 Na6 26. Qxb6 axb6 27. Kg1 Bh6
28. Ng3 Rxf1+ 29. Nxf1 Nc5 30. Bc2 Rf4 31. Rxe5 Bg7 32. Re1 Bd4+ 33. Kh1 Rf2
34. Bb1 Nxb3 35. Ng3 Nd2 36. Rd1 Nxb1 37. Rxb1 Ra2 38. Ne4 Rxa4 39. g3 Bc5 40.
Kg2 Ra2+ 41. Kh3 Rc2 42. Ng5 Rxc4 43. Ne6 Bd4 44. Nd8 Bc3 45. Nc6 Kf8 46. Nd8
Ke8 47. Ne6 Kd7 48. Nf4 Kd6 49. Ne2 Bd4 50. Nf4 g5 51. Nd3 Bc3 52. Kg2 Rd4 53.
Nf2 Kxd5 54. Kf3 Kc4 55. Ne4 Kd3 56. Nxg5 Kc2 57. Rf1 b3 58. Ne6 Rd1 59. Rf2+
Rd2 0-1

[Event "FRA-chT1 0910"]
[Site "France"]
[Date "2009.11.22"]
[Round "5.4"]
[White "Lohou, Stephane"]
[Black "Bedouin, Xavier"]
[Result "0-1"]
[WhiteElo "2181"]
[BlackElo "2351"]
[PlyCount "80"]
[EventDate "2009.09.27"]
[EventType "team-match"]
[EventRounds "11"]
[EventCountry "FRA"]
[SourceDate "2009.07.26"]

1. e4 c5 2. Nf3 Nc6 3. d4 cxd4 4. Nxd4 g6 5. c4 Nf6 6. Nc3 d6 7. Be2 Nxd4 8.
Qxd4 Bg7 9. Bg5 O-O 10. O-O h6 11. Bh4 g5 12. Bg3 Nh5 13. Qd2 Nxg3 14. hxg3 Be6
15. Rac1 Qa5 16. Rfd1 Rfc8 17. Nd5 Qxd2 18. Rxd2 Kf8 19. Rcc2 Bd7 20. Ne3 Bc6
21. f3 e6 22. Kf2 Ke7 23. c5 dxc5 24. Rxc5 Rd8 25. Rcc2 Bd4 26. Bd3 Rd7 27. Ke2
h5 28. Nc4 a5 29. Na3 Be5 30. Kf2 Rad8 31. Nc4 Bc7 32. Be2 Rxd2 33. Rxd2 Rxd2
34. Nxd2 Kd6 35. Bd3 Kc5 36. Nb3+ Kb4 37. Nd2 a4 38. a3+ Kc5 39. b3 Kd4 40. Ke2
Bxg3 0-1

[Event "FRA-chT1 0910"]
[Site "France"]
[Date "2009.11.22"]
[Round "5.5"]
[White "Fougerit, Valentin"]
[Black "Fayard, Alain"]
[Result "1/2-1/2"]
[WhiteElo "2239"]
[BlackElo "2253"]
[PlyCount "99"]
[EventDate "2009.09.27"]
[EventType "team-match"]
[EventRounds "11"]
[EventCountry "FRA"]
[SourceDate "2009.07.26"]

1. e4 e5 2. Nf3 Nf6 3. Nxe5 d6 4. Nf3 Nxe4 5. c4 Be7 6. d4 O-O 7. Bd3 d5 8. O-O
Nc6 9. cxd5 Qxd5 10. Nc3 Nxc3 11. bxc3 Bg4 12. Rb1 a6 13. h3 Bh5 14. Re1 Rab8
15. Be4 Qd6 16. Rb3 Qd7 17. Ne5 Bxd1 18. Nxd7 Bxb3 19. axb3 Bd6 20. Nxb8 Rxb8
21. Kf1 h6 22. Be3 Ne7 23. b4 c6 24. Bd2 Nd5 25. Rb1 Re8 26. Bf3 Kf8 27. c4 Nc7
28. Ra1 Be7 29. b5 axb5 30. c5 Ne6 31. Be3 Rd8 32. Ra7 Nxd4 33. Bxd4 Rxd4 34.
Rxb7 Bxc5 35. Bxc6 b4 36. Rd7 Rf4 37. Rd2 Rc4 38. Ba4 Rc3 39. Rb2 Ke7 40. Ke2
Kd6 41. Bb3 f5 42. Bf7 f4 43. Bg6 Ke5 44. Bf7 Be7 45. Rd2 Ra3 46. Rd3 Ra1 47.
Bg8 Rb1 48. Rd5+ Kf6 49. Rd2 b3 50. Rd1 1/2-1/2